000 00725nab a2200229 a 4500
005 20210219161843.0
008 991125s1985 mx 000 0 spa u
035 _aUPN01000192918
100 1 _aDomínguez Gutiérrez, Silvia
100 1 _usilvia_dominguez_@hotmail.com
222 _aPERFILES EDUCATIVOS
245 _aCampos de significación de la actividad científica en estudiantes universitarios
260 _aMéxico
300 _a28-47
362 0 _a2013 3a época, vol. 35, no. 140
653 0 _aESTUDIANTE UNIVERSITARIO
653 0 _aINVESTIGACION CIENTIFICA
653 0 _aCIENCIA
653 0 _aREPRESENTACIONES SOCIALES
856 1 _uhttp://www.iisue.unam.mx/perfiles/index.php
905 _aArticulo
999 _c165019
_d165019